000 00793nam a2200253 i 4500
003 DO-SdBNP
005 20250129073606.0
007 ta
008 241016b1985 dr ac||| |||| 00| 0 spa d
040 _aDO-SdBNP
_bspa
_cBNPHU
_erda
082 4 _axxx
_bF385g
_222
100 _aFerreras, Ramón Alberto,
_eautor
_4aut.
_911298
245 1 0 _aGuerra patria /
_cRamón Alberto Ferreras
250 _asegunda edición
264 4 _aSanto Domingo :
_bEditora del Nordeste,
_c1985.
300 _a539 páginas :
_bilustraciones, retratos ;
_c20 cm.
336 _atexto
_btxt
_2rdacontent
337 _asin mediación
_bn
_2rdamedia
338 _avolumen
_bnc
_2rdacarrier
590 _aInventariado, 2024/BT
700 1 _aBalcácer, Juan Daniel,
_d1949-
_96566
910 _aBtavárez
942 _2ddc
_cLBS1
999 _c57884
_d57884